| 000 | 00786nam a2200229Ia 4500 | ||
|---|---|---|---|
| 001 | 3419 | ||
| 003 | GE_BSU | ||
| 008 | 181216s||||||||xx |||||||||||||| ||und|| | ||
| 040 | _cGE_BSU | ||
| 080 | _a624.014(075.8) | ||
| 100 | _aБеленя,Е.И. Стрелецкий,Н.Н. Ведеников Г.С. и др. | ||
| 245 | _aМеталлические констукции.Спец. курс. | ||
| 245 | _bУчеб. пособие. | ||
| 245 | _cПод общ. ред. Е.И.Беленя. | ||
| 250 | _a2-е изд. перепраб. и доп. | ||
| 260 | _aМ. | ||
| 260 | _bСтройиздат. | ||
| 260 | _c1982. | ||
| 300 | _a472 стр. с илл. 27 см. Библиогр.: стр.466. | ||
| 653 | _aМеталлические констукции. | ||
| 942 | _cBK | ||
| 999 |
_c37458 _d37458 |
||